000 00516nam a2200169 i 4500
001 57869
003 ES-MaACL
005 20230906163652.0
007 t|
008 031020s1961 an ||||1| spa d
100 1 _aDu Buit, M.
_945698
245 1 0 _aArqueología del pueblo de Israel /
_cM. Du Buit ; [versión española de Juan A.G. Larraya].
260 _aAndorra :
_bCasal i Vall,
_c[1961]
300 _a160 p. :
_bil. ;
_c19 cm.
700 1 _aLarraya, Juan A. G.
_970325
852 _aES-MaACL
_jC-21459
_bR.49382
999 _c57869
_d57869